FAQ (Record no. 83513)

MARC details
000 -LEADER
fixed length control field 00964cad a22002175a 4500
001 - CONTROL NUMBER
control field L154160
008 - FIXED-LENGTH DATA ELEMENTS--GENERAL INFORMATION
fixed length control field 111020s2011 xxk 000 0 eng d
035 ## - SYSTEM CONTROL NUMBER
System control number (Sirsi) u154160
041 0# - LANGUAGE CODE
Language code of text/sound track or separate title eng
110 2# - MAIN ENTRY--CORPORATE NAME
Corporate name or jurisdiction name as entry element Royal Institution of Chartered Surveyors
Subordinate unit Library and Information Services
9 (RLIN) 4634
245 00 - TITLE STATEMENT
Title FAQ
Remainder of title where can I find the best free reports on the United States commercial property market?
Medium [electronic resource]
260 ## - PUBLICATION, DISTRIBUTION, ETC.
Date of publication, distribution, etc. 2011
490 #0 - SERIES STATEMENT
Series statement RICS Library and Information Services FAQs
520 ## - SUMMARY, ETC.
Summary, etc. Provides a select list of links to regularly appearing free United States online commercial property market reports.
590 ## - LOCAL NOTE (RLIN)
Local note KA
650 24 - SUBJECT ADDED ENTRY--TOPICAL TERM
Topical term or geographic name entry element RICS LIBRARY AND INFORMATION SERVICES FAQS
651 #4 - SUBJECT ADDED ENTRY--GEOGRAPHIC NAME
Geographic name United States
Chronological subdivision 1959-
690 ## - LOCAL SUBJECT ADDED ENTRY--TOPICAL TERM (OCLC, RLIN)
Topical term or geographic name as entry element PROPERTY-COMMERCIAL PROPERTY-COMMERCIAL PROPERTY MARKET
856 40 - ELECTRONIC LOCATION AND ACCESS
Uniform Resource Identifier <a href="https://www.rics.org/site/scripts/faqs.aspx?categoryID=327&faqID=4092#a4092">https://www.rics.org/site/scripts/faqs.aspx?categoryID=327&faqID=4092#a4092</a>
Public note View the FAQ free of charge at www.rics.org
942 ## - ADDED ENTRY ELEMENTS (KOHA)
Suppress in OPAC 0
Holdings
Withdrawn status Lost status Source of classification or shelving scheme Damaged status Not for loan Home library Current library Shelving location Date acquired Total Checkouts Full call number Barcode Date last seen Copy number Price effective from Koha item type
    Dewey Decimal Classification     Virtual Virtual Online 20/10/2011   ONLINE PUBLICATION 154160-2001 06/08/2019 1 06/08/2019 Journal article